Példájuk tettekre serkent! megjutalmazták a kiváló ifjúsági rakodóbrigádokat /
Elmentve itt :
| Szerző: | |
|---|---|
| Dokumentumtípus: | Cikk |
| Megjelent: |
1966-02-09
|
| Sorozat: | Délmagyarország
56 No. 33 |
| Kulcsszavak: | Vagonrakodás Szeged 1966, közlekedés |
| Online Access: | http://dmarchiv.bibl.u-szeged.hu/69314 |
| LEADER | 00535nab a2200157 i 4500 | ||
|---|---|---|---|
| 001 | delm69314 | ||
| 005 | 20180927153729.0 | ||
| 008 | 180927s1966 hu o 0|| hun d | ||
| 040 | |a SZTE Délmagyarország Archívum |b hun | ||
| 041 | |a hun | ||
| 100 | 1 | |a Fehér Kálmán | |
| 245 | 1 | 0 | |a Példájuk tettekre serkent! |h [elektronikus dokumentum] : |b megjutalmazták a kiváló ifjúsági rakodóbrigádokat / |c Fehér Kálmán |
| 260 | |c 1966-02-09 | ||
| 300 | |a 3 | ||
| 490 | 0 | |a Délmagyarország |v 56 No. 33 | |
| 695 | |a Vagonrakodás Szeged 1966, közlekedés | ||